000 00264nam a2200121 4500
008 190522s ||||xo d
100 1 _aKarssen Gien
_91137
245 1 0 _aJej meno je žena
250 _a1.vydanie
020 _c0
041 1 _aslo
044 _axo
_cSK
999 _c22438
_d22438